Movies Quiz

Random Movies or Minefield Quiz

Movie Alphabet Soup Quiz Stats

 Plays Quiz Updated Apr 16, 2016

Challenge
Share
Tweet
Embed
Score 0/66 Timer 05:00
1 Play Today
% Correct
???
89.4%
???
79.5%
???
78.2%
???
78.1%
???
76.7%
???
66.5%
???
66.2%
???
62.2%
???
62.2%
???
62.1%
???
62%
???
61.6%
???
59.5%
???
57.8%
???
57.4%
???
57.2%
???
57.2%
???
57.2%
???
57.1%
???
57.1%
???
57%
???
56.9%
???
56.8%
???
56.8%
???
56.8%
???
56.8%
???
56.7%
???
56.5%
???
56.5%
???
56.4%
???
56.3%
???
56.2%
???
56.1%
% Correct
???
55.1%
???
54.8%
???
54.7%
???
54.4%
???
52.9%
???
52.8%
???
52.8%
???
52.8%
???
52.7%
???
52.7%
???
52.7%
???
51.5%
???
51.4%
???
51.3%
???
51.2%
???
50.4%
???
50.3%
???
49.9%
???
49.6%
???
49.5%
???
49.5%
???
44.6%
???
44.6%
???
44.6%
???
44.6%
???
44.5%
???
44.5%
???
44.3%
???
44.3%
???
44.3%
???
41.2%
???
35.4%
???
35.3%

You're not logged in!

Compare scores with friends on all Sporcle quizzes.
Join for Free
OR
Log In

You Might Also Like...

Show Comments

Extras

Top Quizzes Today


Score Distribution

Your Account Isn't Verified!

In order to create a playlist on Sporcle, you need to verify the email address you used during registration. Go to your Sporcle Settings to finish the process.

Report this User

Report this user for behavior that violates our Community Guidelines.

Details: